Surface and interface analysis : (Record no. 11721)
[ view plain ]
| 000 -LEADER | |
|---|---|
| fixed length control field | 01152nam a22003255i 4500 |
| 001 - CONTROL NUMBER | |
| control field | 15311793 |
| 003 - CONTROL NUMBER IDENTIFIER | |
| control field | EG-ScBUE |
| 005 - DATE AND TIME OF LATEST TRANSACTION | |
| control field | 20250720093052.0 |
| 008 - FIXED-LENGTH DATA ELEMENTS--GENERAL INFORMATION | |
| fixed length control field | 080602t2009 gw a f b 001 0 eng d |
| 020 ## - INTERNATIONAL STANDARD BOOK NUMBER | |
| International Standard Book Number | 9783540008590 (hardcover : alk. paper) |
| 040 ## - CATALOGING SOURCE | |
| Original cataloging agency | EG-ScBUE |
| Language of cataloging | eng |
| Description conventions | rda |
| Transcribing agency | EG-ScBUE |
| Modifying agency | EG-ScBUE |
| 082 04 - DEWEY DECIMAL CLASSIFICATION NUMBER | |
| Edition number | 22 |
| Classification number | 541.33 |
| Item number | HOL |
| 100 1# - MAIN ENTRY--PERSONAL NAME | |
| Personal name | Holze, R. |
| 9 (RLIN) | 5743 |
| Fuller form of name | (Rudolf), |
| Dates associated with a name | 1954- |
| Relator term | author. |
| 245 10 - TITLE STATEMENT | |
| Title | Surface and interface analysis : |
| Remainder of title | an electrochemists toolbox / |
| Statement of responsibility, etc | Rudolf Holze. |
| 264 #1 - PUBLICATION, DISTRIBUTION, ETC. (IMPRINT) | |
| Place of publication, distribution, etc | Berlin : |
| Name of publisher, distributor, etc | Springer, |
| Date of publication, distribution, etc | [2009] |
| 264 #4 - PUBLICATION, DISTRIBUTION, ETC. (IMPRINT) | |
| Date of publication, distribution, etc | c2009 |
| 300 ## - PHYSICAL DESCRIPTION | |
| Extent | xxii, 300 pages : |
| Other physical details | illustrations ; |
| Dimensions | 24 cm. |
| 336 ## - CONTENT TYPE | |
| Source | rdacontent |
| Content type term | text |
| Content type code | txt |
| 337 ## - MEDIA TYPE | |
| Media type term | unmediated |
| Source | rdamedia |
| Media type code | n |
| 338 ## - CARRIER TYPE | |
| Carrier type term | volume |
| Carrier type code | nc |
| Source | rdacarrier |
| 490 0# - SERIES STATEMENT | |
| Series statement | Springer series in chemical physics ; |
| Volume number/sequential designation | 74 |
| 500 ## - GENERAL NOTE | |
| General note | With 207 figures. |
| 504 ## - BIBLIOGRAPHY, ETC. NOTE | |
| Bibliography, etc | Includes bibliographical references and index. |
| 650 #7 - SUBJECT ADDED ENTRY--TOPICAL TERM | |
| Topical term or geographic name as entry element | Surfaces (Physics) |
| General subdivision | Analysis. |
| 9 (RLIN) | 5745 |
| Source of heading or term | BUEsh |
| 650 #7 - SUBJECT ADDED ENTRY--TOPICAL TERM | |
| Topical term or geographic name as entry element | Interfaces (Physical sciences) |
| General subdivision | Analysis. |
| 9 (RLIN) | 5746 |
| Source of heading or term | BUEsh |
| 650 #7 - SUBJECT ADDED ENTRY--TOPICAL TERM | |
| Topical term or geographic name as entry element | Surface chemistry. |
| 9 (RLIN) | 5747 |
| Source of heading or term | BUEsh |
| 650 #7 - SUBJECT ADDED ENTRY--TOPICAL TERM | |
| Topical term or geographic name as entry element | Electrochemistry. |
| 9 (RLIN) | 5748 |
| Source of heading or term | BUEsh |
| 655 ## - INDEX TERM--GENRE/FORM | |
| Form subdivision | Reading book |
| 942 ## - ADDED ENTRY ELEMENTS (KOHA) | |
| Source of classification or shelving scheme | Dewey Decimal Classification |
| Koha item type | Book - Borrowing |
| Withdrawn status | Lost status | Source of classification or shelving scheme | Damaged status | Not for loan | Collection code | Home library | Current library | Shelving location | Date acquired | Source of acquisition | Cost, normal purchase price | Serial Enumeration / chronology | Total Checkouts | Full call number | Barcode | Date last seen | Koha item type |
|---|---|---|---|---|---|---|---|---|---|---|---|---|---|---|---|---|---|
| Dewey Decimal Classification | Alahram | Central Library | Central Library | First floor | 03/06/2009 | Purchase | 957.00 | 380 | 541.33 HOL | 000016573 | 15/07/2025 | Book - Borrowing |